Soprannomi dei calciatori - 2 - Statistics

Statistiche generali
  • Questo quiz è stato fatto 83 volte
  • Il punteggio medio è 9 su 15
Statistiche sulle risposte
Soprannome Calciatore % Corretto
Bobo Christian Vieri
97%
il Fenomeno Cristiano Ronaldo
97%
Ringhio Gennaro Gattuso
96%
o Rei Pelé
93%
Fantantonio Antonio Cassano
90%
el Principe Diego Milito
86%
il Faraone Stephan El Shaarawy
75%
Il Pendolino Cafu
56%
Kaiser Franz Beckenbauer
56%
l'Uomo Ragno Walter Zenga
54%
Spice Boy David Beckham
44%
il Tulipano Nero Ruud Gullit
39%
Valdanito Hernán Crespo
17%
Il Metronomo Demetrio Albertini
7%
Zanna Bianca Kakhaber Kaladze
4%
Nessun quiz corrispondente trovato
Distribuzione punteggi
Percentuale di utenti per punteggio
Percentile per numero di risposta
I tuoi punteggi nel tempo
Non hai fatto questo quiz